000
00334nam a2200133Ia 4500
008
240624s9999 xx 000 0 und d
041
_a
eng
082
_a
920 SIN
100
_a
SINGH ARJUN
245
_a
GRAIN OF SAND IN THE HOURGLASS OF TIME A
260
_c
2012
_a
New Delhi
_b
Hay House India
300
_a
400 : p.
365
_c
RS
_b
25
999
_c
20301
_d
20301